00872nam a22002177a 4500001001000000003000900010005001700019007000300036008003400039040005400073041001000127072000800137110004500145110004800190111009000238245011000328246012700438260005900565300001100624650001900635BR8801692BR-BrBNA20230928092858.0ta230509b bl.||||| |||| 00| 0 por d aBR-BrBNAbporcBiblioteca Nacional de Agricultura a(Por) aP101 aFundacao Cargill, Campinas, SP (Brasil);1 aInstituto Agronomico, Campinas, SP (Brasil)1 aSimposio sobre o Manejo de Agua na AgriculturacCampinas, SP (Brazil)d17-19 Mar 19871 aSimposio sobre o Manejo de Agua na Agricultura. Homenagem aos 100 anos do Instituto Agronomico CPA/SAA/SP1 a[Reunion about water management in the Agriculture. Allegiance to the 100th years of the Agronomical Institute CPA/SAA/SP]3 aCampinas, SP (Brasil): bGlauco Pinto Viegas, c1987.  a226 p. aMANEJO DE AGUA